Every Premier League Goalscorer for Watford - Statistics

General Stats
  • This quiz has been taken 96 times
  • The average score is 22 of 68
Answer Stats
Player % Correct
Troy Deeney
90%
Ismaïla Sarr
72%
Odion Ighalo
69%
Marlon King
64%
Abdoulaye Doucouré
63%
Joshua King
63%
Gerard Deulofeu
61%
Will Hughes
61%
Emmanuel Dennis
60%
João Pedro
57%
Craig Cathcart
55%
Andre Gray
52%
José Holebas
52%
Roberto Pereyra
52%
Étienne Capoue
51%
Tom Cleverley
51%
Richarlison
49%
Christian Kabasele
46%
Sebastian Prödl
42%
Daryl Janmaat
40%
Kiko Femenía
40%
Ashley Young
39%
Cucho Hernández
39%
Tommy Smith
37%
Adam Masina
36%
Craig Dawson
34%
Danny Welbeck
34%
Moussa Sissoko
33%
Almen Abdi
31%
Isaac Success
31%
Juraj Kucka
31%
Miguel Britos
31%
Ken Sema
30%
Hassane Kamara
28%
Nathan Aké
28%
Richard Johnson
28%
Stefano Okaka
28%
Heiðar Helguson
25%
Tommy Mooney
25%
Younès Kaboul
25%
Domingos Quina
24%
Ben Watson
22%
Miguel Layún
21%
Allan Smart
19%
Danny Shittu
19%
Hameur Bouazza
19%
Jay DeMerit
19%
Mark Williams
19%
Darius Henderson
18%
Juan Camilo Zúñiga
18%
Nordin Wooter
18%
Damien Francis
16%
Gavin Mahon
16%
Dan Gosling
15%
Michel Ngonge
15%
Darren Ward
13%
M'Baye Niang
13%
Rob Page
13%
Micah Hyde
12%
Molla Wagué
12%
Peter Kennedy
12%
André Carrillo
10%
Tamás Priskin
10%
Dominic Foley
9%
David Perpetuini
7%
Xavier Gravelaine
7%
Douglas Rinaldi
6%
Jóhann Guðmundsson
4%
No matching quizzes found
Score Distribution
Percent of People with Each Score
Percentile by Number Answered
Your Score History
You have not taken this quiz